XI Jornadas argentinas de catálisis. San Luis 28 de septiembre al 1 de Octubre de 1999 : actas /
Guardado en:
| Autores Corporativos: | , , |
|---|---|
| Formato: | Libro |
| Idioma: | Spanish |
| Publicado: |
San Luis, Argentina :
INTEQUI,
1999.
|
| Materias: | |
| Etiquetas: |
Agregar Etiqueta
Sin Etiquetas, Sea el primero en etiquetar este registro!
|
| LEADER | 01076nam a22001935a 4500 | ||
|---|---|---|---|
| 001 | EIQ.libpla000782 | ||
| 008 | 060523s1999####ag#a#####b####101#0#spa#d | ||
| 005 | 20060523153620.0 | ||
| 245 | 1 | 0 | |a XI Jornadas argentinas de catálisis. San Luis 28 de septiembre al 1 de Octubre de 1999 : |b actas / |c Instituto de Investigaciones en Tecnología Química (INTEQUI), Comité Nacional de Catálisis (CONACA). |
| 260 | |a San Luis, Argentina : |b INTEQUI, |c 1999. | ||
| 300 | |a 401, [3] p. : |b il. ; |c 30 cm. | ||
| 504 | |a Incluye referencias bibliográficas e índice. | ||
| 111 | 2 | |a Jornadas Argentinas de Catálisis |n (11º : |d 1999 : |c San Luis, Argentina) | |
| 710 | 2 | |a Consejo Nacional de Investigaciones Científicas y Técnicas (CONICET). |b Comité Nacional de Catálisis (CONACA). | |
| 710 | 2 | |a Consejo Nacional de Investigaciones Científicas y Técnicas (CONICET). |b Instituto de Investigaciones en Tecnología Química (INTEQUI) | |
| 650 | 4 | |a Catálisis |x Congresos. | |
| 650 | 4 | |a Catalysis |x Congresses. | |
| 040 | |a AR-BbSID |b spa |c AR-BbSID | ||
| 859 | |a AR-BbSID |b BIB. PLAPIQUI |h 541.395 |i J 769 |p 5038 |3 XI | ||
